Datum a čas kvízu
18.5
Celkem bodů
Celkový počet nahraných bodů na tomto kvízu bez doplňovacích otázek.
7.
Pořadí na kvízu
Konečné umístění týmu na tomto kvízu.
Zaznamenané odpovědi
| # | Otázka | Odpověď | Body | Výsledky |
|---|---|---|---|---|
| 1. | Minulou sobotu byla mimořádně... | Kramářova vila | 0 | |
| 2. | Bývalý španělský král, který č... | Juan Carlos I. | 0 | |
| 3. | Minulý týden byl odhalen trail... | Bábovky | 1 | |
| 4. | V tendru na distribuci elektro... | Česká pošta, Čepro | 0.5 | |
| 5. | Fotbalisté Pardubic budou v na... | Bohemians 1905 | 0 | |
| 6. | Historie kulečníkových her sah... | slonovina | 0 | |
| 7. | Kulečník, nebo také biliár (z... | snooker | 1 | |
| 8. | Osmička (Eight-ball) se hraje... | A | 1 | |
| 9. | Nyní vám pustíme ukázku ze ser... | karambol | 1 | |
| 10. | The Hustler, česky Hazardní hr... | Barva peněz | 0 |